Представление документа в формате RUSMARC

Поле Инд. ПП Название Значение
Тип записи a
Библиографический уровень a
001 _ Контрольный номер RU/REP/BASE/00004344
005 _ Дата корректировки 20181104132001.8
200 a Заглавие К вопросу об уголовной ответственности за контрабанду животных и растений в свете последних изменений УК РФ
f Первые сведения об ответственности Розумань И.В.
b Общее обозначение материала Текст
210 d Дата издания 2015
461 _0 1 001RU/REP/BASE/00010629
1 2001
a Закон и право
463 1 20002
a №7.
v С. 120-123
1 210
d 2015
610 a Ключевые слова УГОЛОВНОЕ ПРАВО РФ, КВАЛИФИКАЦИЯ ПРЕСТУПЛЕНИЯ, КОНТРАБАНДА, СССР, ИСТОРИЯ РОССИЙСКОГО СУДА, ПРЕСТУПЛЕНИЯ ЭКОЛОГИЧЕСКИЕ, УГОЛОВНАЯ ОТВЕТСТВЕННОСТЬ
700 _1 a Фамилия Розумань
b Имя И.В.
901 t Тип документа b
w Контрольный № источника 212124b945ea4b27bcf038d1bf22084c